| 000 | 00714cab a2200181 4500 | ||
|---|---|---|---|
| 001 | ##L131899 | ||
| 008 | 051214n2005 000 0 eng u | ||
| 035 | _a(Sirsi) u131899 | ||
| 041 | 0 | _aeng | |
| 100 | 1 | _aMcCormick, Helen | |
| 245 | 0 | 0 | _aBalfour ends the year on a high |
| 260 | _c2005 | ||
| 490 | 0 |
_aContract Journal _v431(6555) 14 December 2005, 18-19(2) |
|
| 520 | _aBalfour Beatty topped the new work winners monthly league table for November. It also remains ahead in the year-to-date table, with Bovis Lend Lease in second place. Also includes tables giving breakdown of work by sector and geographical area. | ||
| 590 | _aIKA030106 | ||
| 690 | _aBUILT ENVIRONMENT-CONSTRUCTION MARKET | ||
| 942 | _n0 | ||
| 999 |
_c76285 _d76285 |
||